Streamline English : destinations ; an intensive English course for intermediate students ; teacher's edition
Saved in:
| Main Author: | |
|---|---|
| Other Authors: | |
| Format: | Book |
| Language: | English |
| Published: |
Oxford :
Oxford University Press,
1982.
|
| Subjects: | |
| Tags: |
Add Tag
No Tags, Be the first to tag this record!
|
MARC
| LEADER | 00000cam a2200000 i 4500 | ||
|---|---|---|---|
| 001 | 1/87685 | ||
| 008 | 990730s1982 enk| ||| |||| ||eng|| | ||
| 020 | |a 0194322424 | ||
| 035 | |l 10052354 | ||
| 040 | |a GR-MY-UA |b gre |e aacr | ||
| 041 | 0 | |a eng | |
| 082 | 7 | |a 428.24 |2 (22) | |
| 100 | 1 | |a Hartley, Bernard. | |
| 245 | 1 | 0 | |a Streamline English : |b destinations ; an intensive English course for intermediate students ; teacher's edition / |c Bernarde Hartley, Peter Viney. |
| 260 | |a Oxford : |b Oxford University Press, |c 1982. | ||
| 300 | |a [198 σ.] ; |c 28 εκ. | ||
| 650 | 0 | 0 | |a English language |x Study and teaching |x Foreign speakers. |
| 650 | 0 | 0 | |a English language |x Usage. |
| 700 | 1 | |a Viney, Peter. | |
| 852 | |a INST |b RHODES |e 19990730 |h 428.24 HAR |p 005400002388 |q 005400002388 |t BK |y 0 | ||
| 852 | |a INST |b RHODES |e 19990730 |h 428.24 HAR |p 005400002389 |q 005400002389 |t BK |y 0 | ||
| 909 | |a Ρ |b 004745 | ||
| 909 | |a Ρ |b 004746 | ||
| 922 | |a 4ΕΛΗ |b 198612 |c ΑΓΟΡΑ | ||
| 970 | |z 1999/07/30 |a ΧΟΡΟΖΙΔΟΥ |b ΤΖΕΝΗ | ||